| Поле | Инд. | ПП | Название | Значение |
|---|---|---|---|---|
| Тип записи | a | |||
| Библиографический уровень | m | |||
| 001 | Контрольный номер | e8d5439bb622460f8b8fa5ff7e6c0be7 | ||
| 005 | Дата корректировки | 20240418143751.9 | ||
| 008 | Кодируемые данные | 151022|||||||||ru |||||||||||||||||rus|| | ||
| 020 | a | ISBN | 978-5-4222-0278-2 | |
| 041 | 0_ | a | Код языка текста | rus |
| 084 | a | Индекс другой классификации/Индекс ББК | 81.2Р+81.0 | |
| 090 | a | Полочн. индекс | 81.2Р | |
| x | Авторский знак | Р 95 | ||
| 100 | 1_ | a | Автор | Рычкова Т. А. |
| 245 | 10 | a | Заглавие | Номинация ритуальных действий в русском языке |
| b | Продолж. заглавия | [монография] | ||
| c | Ответственность | М-во образования и науки Рос. Федерации, Мурман. гос. гуманитар. ун-т | ||
| 260 | a | Место издания | Мурманск | |
| b | Издательство | Изд-во МГГУ | ||
| c | Дата издания | 2015 | ||
| 300 | a | Объем | 94 с. | |
| 500 | a | Примечание | Имеется электрон. аналог 2015 г. | |
| 504 | a | Библиография | Библиогр.: с. 76-94 | |
| 650 | 04 | a | Основная рубрика | Русский язык-Монографии |
| 653 | 0_ | a | Ключевые слова | Лингвокультурология |
| a | Ключевые слова | Монографии | ||
| a | Ключевые слова | Ритуальные действия | ||
| a | Ключевые слова | Русский язык | ||
| 901 | t | Тип документа | m | |
| 952 | c | Вид литературы | монография |